000 00747nam a2200229Ia 4500
005 20230921143627.0
008 210716s2015 xx 000 0 und d
020 _a9788120351127
040 _cAIMIT LIBRARY
041 _aeng
082 _a374.22
_21
_bAWAE
100 _aAwad, Elias M.
_9134378
245 _aStupidity of intelligence :
_bwhat happened to common sense /
_cBy Elias M Awad.
250 _a1st ed.
260 _aNew Delhi :
_bPHI Learning private limited ,
_c2015.
300 _axi,194p. ;
_bPB
_c23.5 cm
650 _aGeneral Management
_9134379
651 _aThe dark side of intelligence
_9134380
651 _aNothing in excess
_9134381
651 _aFutility in the unknown
_9134382
942 _2ddc
_cBK
_e1st
_k374.22 AWAE
999 _c209833
_d209833